| 000 | 00313nam a22000977a 4500 | ||
|---|---|---|---|
| 008 | 150724b xxu||||| |||| 00| 0 eng d | ||
| 010 | _8HCCRS ARF:034 | ||
| 245 | _aHIGH COURT CRIMINAL SESSION NO.158 OF 1976 Uganda Vs Adurufu Byaruhanga | ||
| 260 | _aHigh Court Kampala | ||
| 500 | _3Before: Hon. Mr. Justice S.T.Manyindo | ||
| 999 |
_c8117 _d8117 |
||